Bankový sektor Slovenskej republiky, náčrt jeho vývoja, privatizácia a stav po privatizácii II. časť
Kvalita úverového portfólia v bankách. Existencia tzv. zlých úverov. Podiel transformujúcich sa bánk na stratových pohľadávkach. Alokácia zdrojov do vysoko výnosných aktív. Predprivatizačná reštrukturalizácia bankového sektora. Privatizácia komerčných bánk na Slovensku. Podiely jednotlivých krajín n...
Uložené v:
| Hlavný autor: | |
|---|---|
| Ďalší autori: | , |
| Médium: | Kapitola |
| Jazyk: | Slovak |
| Predmet: | |
| Tagy: |
Žiadne tagy, Buďte prvý, kto otaguje tento záznam!
|
MARC
| LEADER | 00000naa$a2200000$$$4500 | ||
|---|---|---|---|
| 001 | 0024638 | ||
| 005 | 20240502071420.0 | ||
| 041 | 0 | |a slo | |
| 044 | |a SK | ||
| 245 | 1 | 0 | |a Bankový sektor Slovenskej republiky, náčrt jeho vývoja, privatizácia a stav po privatizácii II. časť |c Dana Tkáčová, Božena Chovancová, Eva Horvátová |
| 520 | |a Kvalita úverového portfólia v bankách. Existencia tzv. zlých úverov. Podiel transformujúcich sa bánk na stratových pohľadávkach. Alokácia zdrojov do vysoko výnosných aktív. Predprivatizačná reštrukturalizácia bankového sektora. Privatizácia komerčných bánk na Slovensku. Podiely jednotlivých krajín na aktívach bankového sektora SR k 31.12.2000. Náklady reštrukturalizácie. | ||
| 610 | 2 | 0 | |a sústava banková |
| 610 | 2 | 0 | |a bankovníctvo |
| 610 | 2 | 0 | |a banky |
| 610 | 2 | 0 | |a Slovensko |
| 610 | 2 | 0 | |a história |
| 610 | 2 | 0 | |a privatizácia |
| 610 | 2 | 0 | |a reštrukturalizácia finančná |
| 610 | 2 | 0 | |a úver |
| 610 | 2 | 0 | |a pohľadávky |
| 610 | 2 | 0 | |a demonopolizácia |
| 100 | 1 | |a Tkáčová, Daniela, 1954- | |
| 700 | 1 | |a Chovancová, Božena | |
| 700 | 1 | |a Horvátová, Eva, 1958- | |